000 00423nam a2200181Ia 4500
001 10990
005 20260306161913.0
008 260306t1989||||xx |||||||||||||| ||spa||
041 _aESP
082 _a985
_bM36
100 _aMedina Montoya, Lourdes
_eAUT
245 0 _aHistoria general del ejército peruano
260 _c1989
300 _a
_c24 cm.
650 _aGEN
654 _aCHU
942 _cLIB
_dJUS
_fJUS
_2ddc
_n
999 _c10990
_d10990